Prognoseverfahren und ihre Anwendung

Guardado en:
Detalles Bibliográficos
Autor principal: Hüttner, Manfred
Formato: Libro
Lenguaje:alemán
Publicado: Berlin Gruyter 1986
Edición:1. Aufl.
Etiquetas: Agregar Etiqueta
Sin Etiquetas, Sea el primero en etiquetar este registro!

MARC

LEADER 00000nam a2200000 4500
001 c027292
005 20221207072540.7
041 0 |a ger 
044 |a DE 
245 1 0 |a Prognoseverfahren und ihre Anwendung  |c Manfred Hüttner 
250 |a 1. Aufl. 
264 1 |a Berlin  |b Gruyter  |c 1986 
300 |a 377 s. 
100 1 |a Hüttner, Manfred